Marketingowa koncepcja eksportu budownictwa

Salvato in:
Dettagli Bibliografici
Autore principale: Fonfara, Krzysztof
Natura: Libro
Lingua:polacco
Pubblicazione: Poznan Akademia Ekon. 1987
Edizione:1. wyd.
Serie:Zeszyty naukowe - Seria 2 Zeszyt 92
Tags: Aggiungi Tag
Nessun Tag, puoi essere il primo ad aggiungerne!!

MARC

LEADER 00000nam a2200000 4500
001 c024508
005 20221219123414.1
041 0 |a pol 
044 |a PL 
245 1 0 |a Marketingowa koncepcja eksportu budownictwa  |c Krzysztof Fonfara 
250 |a 1. wyd. 
264 1 |a Poznan  |b Akademia Ekon.  |c 1987 
300 |a 157 s. 
490 1 |a Zeszyty naukowe - Seria 2  |v Zeszyt 92 
830 0 |a Zeszyty naukowe - Seria 2  |v Zeszyt 92 
100 1 |a Fonfara, Krzysztof